Air Quality Integrated Assessment: A European Perspective (Record no. 11136)

MARC details
000 -LEADER
fixed length control field 00574nam a2200121Ia 4500
008 - FIXED-LENGTH DATA ELEMENTS--GENERAL INFORMATION
fixed length control field 220615s9999||||xx |||||||||||||| ||und||
245 #0 - TITLE STATEMENT
Title Air Quality Integrated Assessment: A European Perspective
546 ## - LANGUAGE NOTE
Language note English[eng]
650 ## - SUBJECT ADDED ENTRY--TOPICAL TERM
Topical term or geographic name entry element air quality||air pollution||environmental analysis
700 ## - ADDED ENTRY--PERSONAL NAME
Personal name Guariso, Giorgio||Volta, Marialuisa
856 ## - ELECTRONIC LOCATION AND ACCESS
Uniform Resource Identifier <a href="https://library.oapen.org/bitstream/20.500.12657/27859/1/1002145.pdf||https://library.oapen.org/bitstream/20.500.12657/27859/1/1002145.pdf||https://library.oapen.org/bitstream/20.500.12657/27859/1/1002145.pdf">https://library.oapen.org/bitstream/20.500.12657/27859/1/1002145.pdf||https://library.oapen.org/bitstream/20.500.12657/27859/1/1002145.pdf||https://library.oapen.org/bitstream/20.500.12657/27859/1/1002145.pdf</a>
942 ## - ADDED ENTRY ELEMENTS (KOHA)
Koha item type E-Books
Holdings
Withdrawn status Lost status Damaged status Not for loan Home library Current library Date acquired Total Checkouts Date last seen Price effective from Koha item type
        Kerala University of Digital Sciences, Innovation and Technology Knowledge Centre Kerala University of Digital Sciences, Innovation and Technology Knowledge Centre 15/06/2022   15/06/2022 15/06/2022 E-Books